Pokémon - Multiple Picture Choice - Statistics

General Stats
  • This quiz has been taken 283 times
    271 since last reset
  • The average score is 10 of 15
Answer Stats
Question Answer % Correct
Which Pokémon is Charmander?
98%
Which Pokémon does not evolve from Eevee?
96%
Which Pokémon is not a starter Pokémon?
87%
Which Pokémon has only one form?
75%
Which Pokémon is pure Ice-type?
75%
Which Pokémon was introduced after Generation I?
74%
Which Pokémon does not evolve further?
71%
Which Pokémon is not playable in Super Smash Bros. Ultimate?
66%
Which Pokémon is not a regional form?
64%
Which Pokémon is Fairy-type?
61%
Which Pokémon has a name starting with the letter J?
61%
Which of these Pokémon is of a gender specific form?
60%
Which Pokémon has only one type?
59%
Which Pokémon is not considered a baby Pokémon?
53%
Which Pokémon can evolve without an evolution stone?
50%
No matching quizzes found
Score Distribution
Percent of People with Each Score
Percentile by Number Answered
Your Score History
You have not taken this quiz since the last reset